| 000 | 01532nam a2200337 c 4500 | ||
|---|---|---|---|
| 999 |
_c81294 _d81294 |
||
| 003 | BLK | ||
| 005 | 20240406112157.0 | ||
| 008 | 180408b bul|||||r ||||||| ||bul|| | ||
| 010 | _aKNG00085796000 | ||
| 020 | _a978-954-91708-3-2 | ||
| 040 | _aBLK | ||
| 041 |
_aBUL _cBUL |
||
| 080 |
_aОбщи енциклопедии. Енциклопедични речници. Научни справочници. Отраслови енциклопедии и справочници се класират в съответните отдели с определител за форма _b03 _z03 |
||
| 139 |
_aФактопедия _bФ 18 |
||
| 245 | 1 | 0 |
_aФактопедия _bИл. енциклопедия _cпрев. Нина Крумова. |
| 257 | _aGBR | ||
| 260 |
_bМладинска книга _c2006 _fСловакия : Неография |
||
| 300 |
_a456 с. _bцв. ил. _c29 см |
||
| 380 | _a0 | ||
| 500 | _aДруги прев. : Е. Саксанова, Р. Кисьова, Ю. Крумов. - Ориг. загл. The Dorling Kindersley Illustrated Factopedia. - Офс. изд. - Показалец на имена, термини и предмети. | ||
| 650 | 4 |
_aЕнциклопедии _9154961 |
|
| 653 | _aенциклопедии | ||
| 700 | 1 |
_aКрумова, Нина _eпрев. _9371878 |
|
| 852 | _aЦб ІІ 15342 | ||
| 856 | 4 | _qpdf | |
| 856 | 4 | _qpdf | |
| 942 |
_cKNG _n0 _s1 _03 |
||
| 944 |
_aCR _c25.09.2008 _k30538 _lСилвия Димитрова |
||
| 944 |
_aED _c07.09.2009 |
||
| 999 | _d81294 | ||